Grundlagen der Giess-und Speisetechnik für Sandformguss /

Enregistré dans:
Détails bibliographiques
Auteurs principaux: Rabinovič, Benedikt V (Auteur), Mai, Roland (Auteur), Drossel, Günter (Auteur)
Format: Livre
Langue:allemand
Publié: Leipzig : DVG Verlag, 1989
Édition:2.Aufl.
Sujets:
Tags: Ajouter un tag
Pas de tags, Soyez le premier à ajouter un tag!

MARC

LEADER 00000nam a22000003a 4500
001 stu44532
005 20150617225718.2
008 950424s1989----gw------------------ger-d
020 |a 3-342-00299-9 
040 |a STU  |b slo 
041 0 |a ger 
044 |a gw 
080 |a 621.746 
080 |a 621.791.052 
100 1 |a Rabinovič, Benedikt V  |4 aut 
245 1 |a Grundlagen der Giess-und Speisetechnik für Sandformguss /  |c [aut.]Benedikt V. Rabinovič, Roland Mai, Günter Drossel 
250 |a 2.Aufl. 
260 |a Leipzig :  |b DVG Verlag,  |c 1989 
300 |a 408 s 
650 7 |a Napájanie  |2 stusub 
650 7 |a liatie  |2 stusub 
650 7 |a odlievanie  |2 stusub 
700 1 |a Mai, Roland  |4 aut 
700 1 |a Drossel, Günter  |4 aut 
996 |b 284M025786  |c M*9107-1  |l MMKN  |s A  |a 24  |w stu44532_0001